Konzum, Opus, Appeninn - A 3 közkedvelt tőzsdei instrumentum

Bibliographic Details
Main Author: Török Hajnalka
Other Authors: Harsányi Dr. Gergely
Format: Thesis
Kulcsszavak:Konzum
Opus
Appeninn
Online Access:http://dolgozattar.uni-bge.hu/16380

MARC

LEADER 00000nta a2200000 i 4500
001 dolg16380
005 20180514130128.0
008 180514suuuu hu om 000 hun d
040 |a BGE Dolgozattár Repozitórium  |b hun 
041 |a hu 
100 1 |a Török Hajnalka 
245 1 0 |a Konzum, Opus, Appeninn - A 3 közkedvelt tőzsdei instrumentum  |c Török Hajnalka  |h [elektronikus dokumentum] 
695 |a Konzum 
695 |a Opus 
695 |a Appeninn 
700 1 |a Harsányi Dr. Gergely  |e ths 
856 4 0 |u http://dolgozattar.uni-bge.hu/16380/1/T%C3%B6r%C3%B6k%20Hajnalka_C1AU3U%20szakdolgozat_Konzum_Opus_Appeninn_A%203%20k%C3%B6zkedvelt%20t%C5%91zsdei%20instrumentum.pdf  |z Dokumentum-elérés